Vyhláška Ministerstva hospodárstva Slovenskej republiky č. 548/2002 Z.z. ...
Vyhláška Ministerstva hospodárstva Slovenskej republiky č. 548/2002 Z.z. z 18. septembra 2002, ktorou sa ustanovuje najmenší objem ročnej spotreby elektriny a plynu pre oprávnených odberateľov a najvyšší prípustný podiel elektriny vyrobenej v zahraničí na ročnej spotrebe oprávneného odberateľa. Úpln...
Guardado en:
| Formato: | Capítulo de libro |
|---|---|
| Lenguaje: | eslovaco |
| Materias: | |
| Etiquetas: |
Sin Etiquetas, Sea el primero en etiquetar este registro!
|
MARC
| LEADER | 00000naa a2200000 4500 | ||
|---|---|---|---|
| 001 | r047259 | ||
| 005 | 20230927070905.9 | ||
| 041 | 0 | |a slo | |
| 044 | |a SK | ||
| 245 | 1 | 0 | |a Vyhláška Ministerstva hospodárstva Slovenskej republiky č. 548/2002 Z.z. ... |
| 520 | |a Vyhláška Ministerstva hospodárstva Slovenskej republiky č. 548/2002 Z.z. z 18. septembra 2002, ktorou sa ustanovuje najmenší objem ročnej spotreby elektriny a plynu pre oprávnených odberateľov a najvyšší prípustný podiel elektriny vyrobenej v zahraničí na ročnej spotrebe oprávneného odberateľa. Úplné znenie a odôvodnenie k tejto vyhláške. | ||
| 610 | 2 | 0 | |a elektrina |
| 610 | 2 | 0 | |a plyn |
| 610 | 2 | 0 | |a spotreba energie |
| 610 | 2 | 0 | |a spotrebitelia |
| 610 | 2 | 0 | |a odberatelia |
| 610 | 2 | 0 | |a vyhlášky |
| 610 | 2 | 0 | |a Slovensko |